[Event "ISR-chT"]
[Site "Israel"]
[Date "1997.??.??"]
[Round "2"]
[White "Gofshtein, Leonid D"]
[Black "Yudasin, Leonid"]
[Result "1/2-1/2"]
[WhiteElo "2530"]
[BlackElo "2600"]

1.d4 e6 2.c4 Nf6 3.Nf3 c5 4.e3 g6 5.Nc3 Bg7 6.dxc5 O-O 7.e4 Qa5 8.Bd3 Nc6
9.Bf4 Qxc5 10.Rc1 b6 11.O-O Bb7 12.Bb1 Rfd8 13.e5 Ng4 14.Ne4 Qb4 15.Nd6 Rab8
16.Nxf7 Rf8 17.N3g5 Nh6 18.Nxh6+ Bxh6 19.Qxd7 Qe7 20.Qxe7 Nxe7 21.g3 Nc6
22.Nxe6 Bxf4 23.gxf4 Rfe8 24.Nc7 Nd4 25.Rfd1 Nf3+ 26.Kg2 Nxe5+ 27.Kg3 Re7
28.Nd5 Bxd5 29.Rxd5 Nd7 30.Rcd1 Nf6 31.Rd8+ Rxd8 32.Rxd8+ Kg7 33.Kf3 Re1
34.Bc2 Ra1 35.Bb3 Rb1 36.Ra8 a5 37.c5 bxc5 38.Rxa5 Rxb2 39.Rxc5 Rd2 40.Bc2 Nd5
41.Rc4 Nb4 42.Rxb4 Rxc2 43.a4 Ra2 44.h4 Kf6 45.Kg3 Ra1 46.Kf3 Ra2 47.Rb6+ Kf5
48.Rb5+ Kf6 49.Ra5 h5 50.Kg3 Ra1 51.f3 Rg1+ 52.Kh2 Rf1 53.Kg2 Ra1 54.Ra8 Kf5
55.a5 Kxf4 56.Rf8+ Ke5 57.Rg8 Kf6 58.Ra8 Ra4 59.Kg3 Kg7 60.a6 Kf6 61.Kf2 Kg7  1/2-1/2

[Event "EU-chT (Men)"]
[Site "Pula"]
[Date "1997.??.??"]
[Round "4"]
[White "Lputian, Smbat G"]
[Black "Yudasin, Leonid"]
[Result "1/2-1/2"]
[WhiteElo "2615"]
[BlackElo "2600"]

1.d4 Nf6 2.c4 e6 3.Nf3 b6 4.a3 Ba6 5.Qc2 Bb7 6.Nc3 c5 7.e4 cxd4 8.Nxd4 d6
9.Be2 Be7 10.f4 O-O 11.Be3 a6 12.O-O Nc6 13.Nxc6 Bxc6 14.f5 exf5 15.exf5 d5
16.Rfd1 Qc8 17.cxd5 Bxd5 18.Rac1 Bb7 19.Na4 Qxc2 20.Rxc2 Be4  1/2-1/2

[Event "EU-chT (Men)"]
[Site "Pula"]
[Date "1997.??.??"]
[Round "6"]
[White "Yudasin, Leonid"]
[Black "Van Wely, Loek"]
[Result "1-0"]
[WhiteElo "2600"]
[BlackElo "2645"]

1.e4 c5 2.Nf3 d6 3.d4 cxd4 4.Nxd4 Nf6 5.Nc3 a6 6.Be3 e6 7.g4 h5 8.g5 Ng4
9.Bc1 Qb6 10.h3 Ne5 11.Be2 g6 12.f4 Nec6 13.Nb3 Qc7 14.Be3 Bg7 15.Qd2 O-O
16.O-O-O Rd8 17.Na4 b5 18.Nb6 Bb7 19.Nxa8 Bxa8 20.Kb1 Ne7 21.Bf3 Nbc6 22.Qf2 Rb8
23.Qd2 Rd8 24.Rhf1 a5 25.Nd4 d5 26.Nxc6 Nxc6 27.Qf2 Nb4 28.Bb6 Qc4 29.b3 Qc3
30.e5 a4 31.Qd2 Qxd2 32.Rxd2 Rc8 33.c3 Rxc3 34.Ba5 Bf8 35.Rd4 Rxf3 36.Rxf3 Nc6
37.Bb6 Nxd4 38.Bxd4 Bb4 39.a3 Be1 40.b4 Kg7 41.Kc2 h4 42.Rf1 Bg3 43.Kd3 Bc6
44.Rc1 Bd7 45.Rc7 Be8 46.Ke3  1-0

[Event "EU-chT (Men)"]
[Site "Pula"]
[Date "1997.??.??"]
[Round "7"]
[White "Yudasin, Leonid"]
[Black "Svidler, Peter"]
[Result "1/2-1/2"]
[WhiteElo "2600"]
[BlackElo "2640"]

1.e4 c5 2.Nf3 d6 3.d4 cxd4 4.Nxd4 Nf6 5.Nc3 Nc6 6.Bg5 e6 7.Qd2 a6 8.O-O-O h6
9.Be3 Be7 10.f4 Bd7 11.h3 b5 12.Bd3 Nxd4 13.Bxd4 b4 14.Ne2 e5 15.Be3 Qa5
16.Kb1 O-O 17.g4 Be6 18.b3 d5 19.f5 dxe4 20.fxe6 exd3 21.exf7+ Kxf7 22.Qxd3 Qb5
23.c4 bxc3 24.Nxc3 Qxd3+ 25.Rxd3 Ke6 26.Re1 Rad8 27.Bd4 Nd7 28.Na4 Rf4 29.Bg1 Rb8
30.Nc3 Rc4 31.Nd5 Bg5 32.Nb6 Nxb6 33.bxc4 Nxc4+ 34.Kc2 Bf4 35.Rb3 Rc8 36.Rc3 Bg5
37.Re2 Bf6 38.Kb3 Na5+ 39.Kc2 Nc4  1/2-1/2

[Event "EU-chT (Men)"]
[Site "Pula"]
[Date "1997.??.??"]
[Round "8"]
[White "Chernin, Alexander"]
[Black "Yudasin, Leonid"]
[Result "1/2-1/2"]
[WhiteElo "2635"]
[BlackElo "2600"]

1.d4 Nf6 2.c4 e6 3.Nc3 Bb4 4.Qc2 O-O 5.a3 Bxc3+ 6.Qxc3 b6 7.Bg5 d6 8.e3 Nbd7
9.Qc2 h6 10.Bh4 c5 11.dxc5 bxc5 12.Ne2 Qa5+ 13.Nc3 Bb7 14.f3 d5 15.Rd1 Rab8
16.Rd2 Rfc8 17.Be2 Ba6 18.Bg3 Rb7 19.O-O Nb6 20.cxd5 Nc4 21.Bxc4 Bxc4 22.Rc1 Bb3
23.Qd3 exd5 24.Bf2 Bc4 25.Qc2 Bb3 26.Qd3 Bc4 27.Qc2  1/2-1/2

[Event "EU-chT (Men)"]
[Site "Pula"]
[Date "1997.??.??"]
[Round "9"]
[White "Sokolov, Ivan"]
[Black "Yudasin, Leonid"]
[Result "1-0"]
[WhiteElo "2615"]
[BlackElo "2600"]

1.d4 Nf6 2.c4 e6 3.Nc3 Bb4 4.Qc2 O-O 5.a3 Bxc3+ 6.Qxc3 b6 7.Nf3 c5 8.e3 Bb7
9.dxc5 bxc5 10.Be2 Qe7 11.O-O a5 12.b3 Nc6 13.Qc2 a4 14.bxa4 Na5 15.Nd2 Bc6
16.Bb2 d6 17.Rab1 Rfc8 18.Bc3 h6 19.Bf3 Bxf3 20.Nxf3 Ne8 21.Nd2 Ra7 22.Rb6 Nc6
23.Rfb1 Qd7 24.Nb3 Ne7 25.a5 Qa4 26.Qd3 d5 27.Nd2 d4 28.exd4 cxd4 29.Qxd4 Nf5
30.Qe5 Qxa3 31.Rxe6 fxe6 32.Qxe6+ Rf7 33.Qxc8 Qxc3 34.Qxe8+ Rf8 35.Qe6+ Kh8
36.Nf3 Qxa5 37.Ne5 Kh7 38.Nd7 Rd8 39.c5 Nh4 40.Qe4+ Kg8 41.c6  1-0

[Event "White Nights op"]
[Site "St Petersburg"]
[Date "1997.??.??"]
[Round "?"]
[White "Anjuhin, Alex"]
[Black "Yudasin, Leonid"]
[Result "0-1"]
[WhiteElo "2335"]
[BlackElo "2600"]

1.e4 c5 2.f4 Nc6 3.Nf3 g6 4.Nc3 Bg7 5.Bc4 e6 6.f5 Nge7 7.fxe6 fxe6 8.d3 d5
9.Bb3 b5 10.O-O Qb6 11.exd5 c4+ 12.Kh1 cxb3 13.dxc6 bxc2 14.Qxc2 O-O 15.Bg5 Nxc6
16.Ne4 Bb7 17.Qb3 Na5 18.Qb4 Bd5 19.Nc3 Bxf3 20.gxf3 Rf5 21.Ne4 Nc6 22.Qd6 Ne5
23.Rac1 Qxd6 24.Nxd6 Rxg5 25.f4 Rh5 26.fxe5 Bxe5 27.Ne4 Rxh2+ 28.Kg1 Rxb2
29.Kh1 Rd8 30.Rc5 Rd5 31.Rc8+ Kg7 32.Rf3 Rxa2 33.Re8 Bd6 34.Kg1 Bh2+ 35.Kh1 Rf5
36.Rxf5 exf5  0-1

[Event "White Nights op"]
[Site "St Petersburg"]
[Date "1997.??.??"]
[Round "?"]
[White "Yudasin, Leonid"]
[Black "Shaposhnikov, Evgeny"]
[Result "1-0"]
[WhiteElo "2600"]
[BlackElo "2370"]

1.e4 c5 2.Nf3 e6 3.d4 cxd4 4.Nxd4 a6 5.Bd3 Nf6 6.O-O Qc7 7.c4 Nc6 8.Nxc6 dxc6
9.f4 e5 10.Kh1 Bg4 11.Qe1 O-O-O 12.Bc2 exf4 13.Bxf4 Bd6 14.Bxd6 Rxd6 15.Qh4 Qe7
16.Nc3 Bd7 17.Qg5 Re6 18.Na4 Rg8 19.Qg3 Qd6 20.Qxd6 Rxd6 21.e5 Rd2 22.Rac1 Ng4
23.Nb6+ Kc7 24.Nxd7 Rxd7 25.Bf5 Nxe5 26.Bxd7 Kxd7 27.Rcd1+ Kc7 28.c5 Re8
29.Rfe1 f6 30.Kg1 Rb8 31.Re4 b6 32.cxb6+ Rxb6 33.b3 Rb5 34.Red4 Rb8 35.Rh4 h6
36.Ra4 Ra8 37.Kf2 Kb6 38.Rb4+ Kc7 39.Kg3 Re8 40.Ra4 Kb6 41.Rd2 Kb7 42.Kf4 Kb6
43.Kf5 a5 44.Rad4 h5 45.Rd8 Re7 46.Rh8 Ra7 47.Ke6 a4 48.Rxh5 axb3 49.axb3 Kb5
50.Rh3 c5 51.Rg3 Kb4 52.Rd8 Nc6 53.Rg8 Nd4+ 54.Kd5 Rd7+ 55.Ke4 Re7+ 56.Kd3 Nxb3
57.Rg4+ Ka3 58.R8xg7 Re1 59.Rf4 Rd1+ 60.Ke2 Rd2+ 61.Ke3 Rc2 62.Rxf6 c4 63.Rb6 Rc1
64.h4 Re1+ 65.Kf2 Rh1 66.Rg4 c3 67.Rc4 Rc1 68.h5 c2 69.Rc3  1-0

[Event "White Nights op"]
[Site "St Petersburg"]
[Date "1997.??.??"]
[Round "?"]
[White "Chepukaitis, Genrikh"]
[Black "Yudasin, Leonid"]
[Result "0-1"]
[WhiteElo "2320"]
[BlackElo "2600"]

1.Nf3 Nf6 2.e3 g6 3.b4 Bg7 4.Bb2 O-O 5.c4 d6 6.d4 e5 7.dxe5 Ng4 8.Be2 Nc6
9.Nc3 Ngxe5 10.Nxe5 Nxe5 11.O-O Be6 12.Qb3 Re8 13.Rad1 a5 14.bxa5 Rxa5 15.Nb5 b6
16.Bc3 Ra8 17.Bxe5 Bxe5 18.f4 Bg7 19.Bf3 Ra5 20.Bc6 Bd7 21.Bf3 Re7 22.Rd2 Qc8
23.a4 Bf5 24.Rfd1 Be4 25.Bxe4 Rxe4 26.Ra2 Qb7 27.Qd3 Re7 28.Kf2 Ra8 29.Re1 Rae8
30.Ree2 Re6 31.Rac2 R8e7 32.Ra2 Bf6 33.Nd4 Re4 34.Nf3 Qc6 35.Nd2 R4e6 36.a5 bxa5
37.Rxa5 Qb6 38.Ra8+ Kg7 39.Qb3 Qc6 40.Qa4 Qc5 41.Ra5 Rxe3 42.Rxc5 Rxe2+ 43.Kg3 Rxd2  0-1

[Event "White Nights op"]
[Site "St Petersburg"]
[Date "1997.??.??"]
[Round "?"]
[White "Yudasin, Leonid"]
[Black "Petkevich, Jusefs"]
[Result "1/2-1/2"]
[WhiteElo "2600"]
[BlackElo "2455"]

1.e4 c5 2.Nf3 d6 3.c3 Nf6 4.Bd3 Nc6 5.Bc2 Bg4 6.d3 g6 7.Nbd2 Bg7 8.h3 Bxf3
9.Nxf3 O-O 10.O-O b5 11.d4 Nd7 12.d5 Nce5 13.Nd2 Nf6 14.f4 Ned7 15.Nf3 Nb6
16.Qe2 Rb8 17.Qxb5 Nbxd5 18.Qa4 Nb6 19.Qxa7 Nfd7 20.Qa6 c4 21.Be3 Qc7 22.Qa5 Nc5
23.Nd4 Qb7 24.f5 Nbd7 25.Rab1 Ne5 26.b4 Nxe4 27.Qa3 Ra8 28.Qb2 Nd3 29.Bxd3 cxd3
30.Rfd1 Qd5 31.Qb3 Qxb3 32.Rxb3 Rxa2 33.fxg6 fxg6 34.Nc6 Bf6 35.b5 Re2 36.Rxd3 Bh4
37.Rb1 Bf2+ 38.Bxf2 Rfxf2 39.b6 Rxg2+ 40.Kh1 Rh2+ 41.Kg1 Reg2+ 42.Kf1 Nd2+
43.Rxd2 Rxd2 44.Kg1 Rhg2+ 45.Kh1  1/2-1/2

[Event "White Nights op"]
[Site "St Petersburg"]
[Date "1997.??.??"]
[Round "?"]
[White "Yudasin, Leonid"]
[Black "Nikolaev, Sergej"]
[Result "1-0"]
[WhiteElo "2600"]
[BlackElo "2375"]

1.e4 Nc6 2.Nf3 Nf6 3.e5 Nd5 4.c4 Nb6 5.d4 d6 6.exd6 exd6 7.Be2 Be7 8.O-O O-O
9.h3 Bf6 10.Nc3 Bf5 11.Bf4 Re8 12.Rc1 h6 13.b3 a6 14.Qd2 d5 15.c5 Nc8 16.Be3 N8e7
17.Nh2 Be6 18.g4 g5 19.Bf3 Ng6 20.Ne2 Bg7 21.Bg2 Re7 22.f4 gxf4 23.Nxf4 Nxf4
24.Rxf4 Qe8 25.Bf2 Rd8 26.Bh4  1-0

[Event "White Nights op"]
[Site "St Petersburg"]
[Date "1997.??.??"]
[Round "?"]
[White "Yudasin, Leonid"]
[Black "Nadezhdin, Dmitry"]
[Result "1-0"]
[WhiteElo "2600"]
[BlackElo "2210"]

1.e4 c5 2.Nf3 e6 3.d4 cxd4 4.Nxd4 Nc6 5.Nb5 d6 6.c4 a6 7.N5c3 Nf6 8.Be2 Be7
9.O-O O-O 10.Na3 b6 11.Bf4 Bb7 12.Re1 Rc8 13.Rc1 Ne5 14.Bf1 Nfd7 15.Bg3 Qc7
16.Kh1 Rfe8 17.Qd2 Rcd8 18.Rcd1 Qb8 19.Nc2 Qa8 20.f3 Rc8 21.Ne3 Red8 22.a3 Bc6
23.b4 a5 24.Qb2 Nf8 25.Bf2 Rb8 26.Nc2 Nfg6 27.Nd4 Be8 28.Qb3 Qb7 29.Ndb5 Nc6
30.Na4 Qa6 31.Rb1 axb4 32.axb4 Nge5 33.Ra1 Nd7 34.Red1 Bf6 35.Ra2 d5 36.exd5 exd5
37.Nac3 Qb7 38.Nxd5 Be5 39.f4 Bf6 40.Nd6  1-0

[Event "White Nights op"]
[Site "St Petersburg"]
[Date "1997.??.??"]
[Round "?"]
[White "Petrov, Anton"]
[Black "Yudasin, Leonid"]
[Result "1/2-1/2"]
[WhiteElo "2375"]
[BlackElo "2600"]

1.e4 c5 2.Nf3 d6 3.d4 cxd4 4.Nxd4 Nf6 5.Nc3 a6 6.f4 e6 7.Bd3 Nbd7 8.O-O b5
9.Qe1 Bb7 10.Kh1 Nc5 11.b4 Nxd3 12.cxd3 Rc8 13.Bb2 Be7 14.Nb3 O-O 15.a4 bxa4
16.Nxa4 Bc6  1/2-1/2

[Event "St Petersburg"]
[Site "St Petersburg"]
[Date "1997.??.??"]
[Round "1"]
[White "Salov, Valery"]
[Black "Yudasin, Leonid"]
[Result "1-0"]
[WhiteElo "2665"]
[BlackElo "2600"]

1.Nf3 c5 2.c4 Nf6 3.Nc3 b6 4.e4 d6 5.d4 cxd4 6.Nxd4 Bb7 7.Qe2 g6 8.g3 Nbd7
9.Bg2 Rc8 10.O-O a6 11.Rd1 Qc7 12.b3 e6 13.Ba3 Nc5 14.Rac1 Be7 15.b4 Ncd7
16.Nd5 exd5 17.cxd5 Qb8 18.Nc6 Bxc6 19.dxc6 Ne5 20.f4 b5 21.fxe5 dxe5 22.Bb2 O-O
23.Kh1 Qc7 24.a3 Rfd8 25.Rf1 Rf8 26.Qf3 Rcd8 27.Rc2 Ne8 28.Bh3 Kg7 29.Qb3 Nf6
30.Qe3 h5 31.Qf3 Nh7 32.Qc3 Rd4 33.Qb3 Rdd8 34.Qc3 Rd4 35.Qb3 Rdd8 36.Bd7 Nf6
37.Rcf2 Qd6 38.Rf3 Nxd7 39.Rxf7+ Rxf7 40.Rxf7+ Kh6 41.cxd7 Rxd7 42.Bc1+ g5
43.Rf1 Qc6 44.Kg1 Qc4 45.Qf3 Qe6 46.h4 Qg6 47.Kg2 Kg7 48.Bxg5 Bxg5 49.hxg5 Qxg5
50.Qf8+ Kh7 51.Qf5+ Qxf5 52.Rxf5 Rd3 53.Rxh5+ Kg7 54.Rg5+ Kf6 55.Rf5+ Ke6
56.Rf3 Rd2+ 57.Rf2 Rd4 58.Kf3 Rd3+ 59.Kg4 Rxa3 60.Rh2 Re3 61.Rh6+ Kf7 62.Kf5 Rxg3
63.Rxa6 Rb3 64.Ra7+ Kg8 65.Kg6 Rg3+ 66.Kf6 Rb3 67.Rg7+ Kh8 68.Rb7  1-0

[Event "St Petersburg"]
[Site "St Petersburg"]
[Date "1997.??.??"]
[Round "2"]
[White "Khalifman, Alexander"]
[Black "Yudasin, Leonid"]
[Result "1/2-1/2"]
[WhiteElo "2650"]
[BlackElo "2600"]

1.d4 e6 2.Nf3 c5 3.e4 cxd4 4.Nxd4 a6 5.Nc3 d6 6.Be2 Nf6 7.a4 b6 8.f4 Bb7
9.Bf3 Qc7 10.O-O Nc6 11.Kh1 Be7 12.e5 dxe5 13.Bxc6+ Bxc6 14.Nxc6 Qxc6 15.fxe5 Nd7
16.Qg4 h5 17.Qe2 h4 18.h3 g6 19.Bf4 Rh5 20.Rad1 Nc5 21.Bh2 Rb8 22.b4 Nxa4
23.Ne4 Rf5 24.Rxf5 gxf5 25.Nf6+ Bxf6 26.exf6 Nc3 27.Qh5 Nxd1 28.Qh8+ Kd7
29.Qxb8 Ne3 30.Qa7+ Kc8 31.Qb8+  1/2-1/2

[Event "St Petersburg"]
[Site "St Petersburg"]
[Date "1997.??.??"]
[Round "3"]
[White "Yudasin, Leonid"]
[Black "Kortschnoj, Viktor"]
[Result "1/2-1/2"]
[WhiteElo "2600"]
[BlackElo "2635"]

1.e4 e6 2.d4 d5 3.Nd2 dxe4 4.Nxe4 Nd7 5.Nf3 Ngf6 6.Nxf6+ Nxf6 7.Bg5 h6 8.Bh4 c5
9.Bb5+ Bd7 10.Bxd7+ Qxd7 11.Bxf6 gxf6 12.dxc5 Bxc5 13.Qxd7+ Kxd7 14.Ke2 Ke7
15.Rhd1 Rhd8 16.c3 f5 17.Ne1 e5  1/2-1/2

[Event "St Petersburg"]
[Site "St Petersburg"]
[Date "1997.??.??"]
[Round "4"]
[White "Aseev, Konstantin N"]
[Black "Yudasin, Leonid"]
[Result "1-0"]
[WhiteElo "2530"]
[BlackElo "2600"]

1.Nf3 c5 2.c4 Nf6 3.Nc3 e6 4.g3 b6 5.Bg2 Bb7 6.O-O Be7 7.d4 cxd4 8.Qxd4 Nc6
9.Qf4 Qb8 10.Rd1 O-O 11.Ng5 Rd8 12.Nge4 Nxe4 13.Bxe4 Na5 14.b3 Bf6 15.Bxb7 Nxb7
16.Qxb8 Raxb8 17.Bd2 Rbc8 18.Rac1 Rc6 19.Be3 a6 20.Na4 b5 21.Nb6 d5 22.cxd5 Rxc1
23.Rxc1 exd5 24.Rc7 d4 25.Bf4 Nd6 26.Nd5 Ne4 27.Nxf6+ gxf6 28.Ra7 Nc3 29.Kf1 Re8
30.Rxa6 Rxe2 31.Bh6 Re8 32.Rd6 Nxa2 33.Rxd4 f5 34.Rd5 Nc3 35.Rxf5 Re6 36.Bd2 Ne4
37.Be3 Kg7 38.Rxb5 f6 39.Rb7+ Kg6 40.b4 Nc3  1-0

[Event "St Petersburg"]
[Site "St Petersburg"]
[Date "1997.??.??"]
[Round "5"]
[White "Yudasin, Leonid"]
[Black "Sosonko, Gennadi"]
[Result "1/2-1/2"]
[WhiteElo "2600"]
[BlackElo "2515"]

1.e4 c5 2.Nf3 d6 3.d4 cxd4 4.Nxd4 Nf6 5.Nc3 Nc6 6.Bg5 e6 7.Qd2 Be7 8.O-O-O Nxd4
9.Qxd4 O-O 10.f4 Qa5 11.Bc4 Bd7 12.e5 dxe5 13.fxe5 Bc6 14.Bd2 Nd7 15.Nd5 Qd8
16.Nxe7+ Qxe7 17.Rhe1 Rfd8 18.Qg4 Nc5 19.Bg5 Rxd1+ 20.Rxd1 Qf8 21.Qd4 Rc8
22.Be3 b6 23.Bf1 Be4 24.Rd2 Bg6 25.g4 Qe8 26.Bg2 h6 27.b3 Qb5 28.Kb2 a5 29.a4 Qe8
30.h4 h5 31.gxh5 Bxh5 32.Qd6 Bg6 33.Bxc5 bxc5 34.Bb7 Rb8 35.Bc6 Qf8 36.Kc3 Qc8
37.Bd7 Qb7 38.Bb5 Rc8 39.Ba6 Qb4+ 40.Kb2 Ra8 41.Bc4 Rc8 42.Rg2 Be4 43.Bxe6 fxe6
44.Qxe6+ Kh7 45.Rxg7+  1/2-1/2

[Event "St Petersburg"]
[Site "St Petersburg"]
[Date "1997.??.??"]
[Round "6"]
[White "Svidler, Peter"]
[Black "Yudasin, Leonid"]
[Result "1/2-1/2"]
[WhiteElo "2640"]
[BlackElo "2600"]

1.e4 e5 2.Nf3 Nc6 3.Bb5 a6 4.Ba4 Nf6 5.O-O Be7 6.Re1 b5 7.Bb3 d6 8.c3 O-O
9.h3 Nd7 10.d4 Bf6 11.a4 Rb8 12.axb5 axb5 13.Be3 Ne7 14.d5 Nc5 15.Bc2 b4
16.c4 Na6 17.Nbd2 c5 18.dxc6 Nxc6 19.Ba4 Na5 20.Bb5 Nc5 21.Bxc5 dxc5 22.Qa4 Ra8
23.Nb3 Nxb3 24.Qxa8 Nxa1 25.Rxa1 Be6 26.Qc6 Qe7 27.Qb6 Rc8 28.Ra7 Qd8 29.Qxd8+ Rxd8
30.Kf1 g5 31.Ke2 g4 32.hxg4 Bxg4 33.Bc6 Kg7 34.Bd5 Rd7 35.Ra5 Rc7 36.Ke3 h5
37.Ne1 Bg5+ 38.Kd3 h4 39.f3 h3 40.gxh3 Bxh3 41.Ke2 Be7 42.Nd3 f6 43.Ra1 Bd6
44.Ra6 Be7 45.Ra1 Bd6 46.Ra6 Be7 47.f4 Bc8 48.Rb6 exf4 49.Nxf4 Ra7 50.Kf3 Kh6
51.Be6 Ra6 52.Rxa6 Bxa6 53.Kg4 Bd6 54.b3 Bb7 55.Kf5 Bc6 56.Bc8 Bxf4 57.Kxf4 Kg7
58.Be6  1/2-1/2

[Event "St Petersburg"]
[Site "St Petersburg"]
[Date "1997.??.??"]
[Round "7"]
[White "Yudasin, Leonid"]
[Black "Ivanov, Sergey"]
[Result "1/2-1/2"]
[WhiteElo "2600"]
[BlackElo "2515"]

1.e4 e6 2.d4 d5 3.Nd2 c5 4.Ngf3 cxd4 5.Nxd4 Nf6 6.exd5 Qxd5 7.N2f3 Nc6 8.Nb5 Bb4+
9.c3 Qxd1+ 10.Kxd1 Ba5 11.Nd6+ Ke7 12.Nxc8+ Raxc8 13.Bd3 Rhd8 14.Ke2 Ng4
15.Rd1 Bb6 16.Bg5+ f6 17.Bh4 Nge5 18.Nxe5 Nxe5 19.Be4 Nc4 20.Rxd8 Rxd8 21.b3 Nd6
22.Bd3 g5 23.Bg3 h5 24.f3 h4 25.Be1 h3 26.gxh3 Rh8 27.h4 gxh4 28.Bf2 Rg8
29.Kf1 h3 30.Bg3 Rc8 31.c4 e5 32.Re1 Ke6 33.f4 Bd4 34.Bf2 Bxf2 35.Kxf2 Rg8
36.Bf1 Kf5 37.fxe5 Ne4+ 38.Ke3 Kxe5 39.Rd1 f5 40.Rd5+ Ke6 41.Bxh3 Nd6 42.Rd2 Ke5
43.Bg2 b6 44.Bc6 Rh8 45.Kf3 Rh3+ 46.Kg2 Rh6 47.Rd5+ Kf4 48.b4 Rg6+ 49.Kf1 Ke3
50.c5 Nc4 51.Bd7 bxc5 52.bxc5 Rg7 53.c6 Ke4 54.Rb5 Ne3+ 55.Ke1 f4 56.Rb4+ Kf3
57.Kd2 Rg2+ 58.Kd3 Rc2 59.Ra4 Rc1 60.Rxa7 Rd1+ 61.Kc3 Ke2 62.Rb7 Rd3+ 63.Kb4 f3
64.c7 f2 65.Bb5 f1=Q 66.Bxd3+ Kxd3 67.c8=Q Qb1+ 68.Ka3 Nc2+ 69.Ka4 Qxa2+
70.Kb5 Nd4+ 71.Kb6 Qb3+ 72.Ka7 Qa2+ 73.Kb8 Qxh2+ 74.Ka8 Qa2+  1/2-1/2

[Event "St Petersburg"]
[Site "St Petersburg"]
[Date "1997.??.??"]
[Round "8"]
[White "Sakaev, Konstantin"]
[Black "Yudasin, Leonid"]
[Result "1-0"]
[WhiteElo "2580"]
[BlackElo "2600"]

1.d4 Nf6 2.c4 e6 3.Nc3 Bb4 4.f3 d5 5.a3 Bxc3+ 6.bxc3 c6 7.Qc2 b6 8.cxd5 cxd5
9.e4 Bb7 10.Bb5+ Bc6 11.a4 dxe4 12.fxe4 O-O 13.e5 Nd5 14.Nf3 h6 15.O-O Qc7
16.Be2 Bb7 17.c4 Rc8 18.Qd2 Ne7 19.Ba3 Qd7 20.a5 Ba6 21.d5 exd5 22.e6 Qxe6
23.Rae1 Ng6 24.Bd3 Qg4 25.Bxg6 Qxg6 26.Ne5 Qg5 27.Qxd5 Bxc4 28.Qxa8 Bxf1
29.Kxf1 bxa5 30.Qf3 f6 31.Qb3+ Kh7 32.Qd3+ f5 33.Nf3 Qf6 34.Be7 Qa6 35.Qxa6 Nxa6
36.Ra1 Nb4 37.Bd6 Rc6 38.Be5 Rc5 39.Bd4 Rd5 40.Rc1 Rd7 41.Rc5 f4 42.Rxa5 Nc6
43.Ra4 Nxd4 44.Nxd4 g5 45.Nc6 Rd1+ 46.Ke2 Rb1 47.Rxa7+ Kg6 48.Ne5+ Kf5 49.Nd3  1-0

[Event "St Petersburg"]
[Site "St Petersburg"]
[Date "1997.??.??"]
[Round "9"]
[White "Yudasin, Leonid"]
[Black "Epishin, Vladimir"]
[Result "1/2-1/2"]
[WhiteElo "2600"]
[BlackElo "2600"]

1.e4 c6 2.d4 d5 3.Nd2 dxe4 4.Nxe4 Nd7 5.Nf3 Ngf6 6.Nxf6+ Nxf6 7.c3 Bg4 8.h3 Bxf3
9.Qxf3 Qd5 10.Be2 g6 11.O-O Bg7 12.Re1 Qxf3 13.Bxf3 e6 14.Bg5 O-O-O 15.Rad1 Rd7
16.Kf1 Nd5 17.g3 h6 18.Bc1 h5 19.h4 Bh6 20.Bxh6 Rxh6 21.Ke2 Rh8  1/2-1/2

[Event "St Petersburg"]
[Site "St Petersburg"]
[Date "1997.??.??"]
[Round "10"]
[White "Komarov, Dimitri"]
[Black "Yudasin, Leonid"]
[Result "1/2-1/2"]
[WhiteElo "2615"]
[BlackElo "2600"]

1.d4 Nf6 2.c4 c5 3.d5 e6 4.Nc3 exd5 5.cxd5 d6 6.Nf3 g6 7.h3 a6 8.a4 Qe7 9.Bg5 Bg7
10.e3 h6 11.Bh4 Bf5 12.Bd3 Bxd3 13.Qxd3 O-O 14.O-O Nbd7 15.e4 Rfe8 16.Rfe1 g5
17.Bg3 Nh5 18.Bh2 Ne5 19.Nxe5 Bxe5 20.Qf3 Bxh2+ 21.Kxh2 Qe5+ 22.g3 Nf6 23.Qe3 Qd4
24.Rad1 Qxe3 25.Rxe3 Rab8 26.Rde1 b5 27.axb5 axb5 28.e5 dxe5 29.Rxe5 Rxe5
30.Rxe5 Rd8 31.Nxb5 Rxd5 32.Rxd5 Nxd5  1/2-1/2

[Event "Mikenas mem op"]
[Site "Vilnius"]
[Date "1997.??.??"]
[Round "?"]
[White "Yudasin, Leonid"]
[Black "Khalifman, Alexander"]
[Result "1/2-1/2"]
[WhiteElo "2600"]
[BlackElo "2650"]

1.e4 e5 2.Nf3 Nc6 3.Nc3 Nf6 4.Bb5 Nd4 5.Ba4 c6 6.d3 b5 7.Bb3 Nxb3 8.axb3 d6
9.h3 Be7 10.O-O O-O 11.Re1  1/2-1/2

[Event "Mikenas mem op"]
[Site "Vilnius"]
[Date "1997.??.??"]
[Round "?"]
[White "Rychagov, Andrei"]
[Black "Yudasin, Leonid"]
[Result "1/2-1/2"]
[WhiteElo "2455"]
[BlackElo "2600"]

1.e4 c5 2.Nf3 d6 3.d4 cxd4 4.Nxd4 Nf6 5.Nc3 a6 6.Be2 e6 7.f4 Qc7 8.O-O Be7
9.Be3 b5 10.e5 dxe5 11.fxe5 Nfd7 12.Bf3 Bb7 13.Bxb7 Qxb7 14.Qg4 Nc6 15.Qxg7 O-O-O
16.Nxc6 Qxc6 17.Qxf7 Rhg8 18.Qf3 Qxf3 19.Rxf3 Nxe5 20.Rh3 Nc4 21.Ne4  1/2-1/2

[Event "Mikenas mem op"]
[Site "Vilnius"]
[Date "1997.??.??"]
[Round "?"]
[White "Piesina, Gintautas"]
[Black "Yudasin, Leonid"]
[Result "0-1"]
[WhiteElo "2390"]
[BlackElo "2600"]

1.c4 c5 2.Nf3 Nf6 3.Nc3 e6 4.g3 b6 5.Bg2 Bb7 6.O-O d6 7.d4 cxd4 8.Qxd4 a6
9.e4 Qc7 10.b3 Nbd7 11.Rd1 Rc8 12.Ba3 b5 13.Nd2 Ne5 14.cxb5 Qxc3 15.Qa7 Qc7
16.Rac1 Qd7 17.bxa6 Bc6 18.Qd4 Bb5 19.Rxc8+ Qxc8 20.a7 Nfd7 21.Qb4 Bc6 22.Rc1 Qa8
23.Qa5 Be7 24.f4 Bd8 25.Qa6 Bb7 26.Qxd6 Qxa7+ 27.Kh1 Nd3 28.Rf1 Nf2+ 29.Rxf2 Qxf2  0-1

[Event "Mikenas mem op"]
[Site "Vilnius"]
[Date "1997.??.??"]
[Round "6"]
[White "Yudasin, Leonid"]
[Black "Krasenkow, Michal"]
[Result "0-1"]
[WhiteElo "2600"]
[BlackElo "2615"]

1.e4 c5 2.Nf3 Nc6 3.Bb5 e6 4.O-O Nge7 5.Nc3 Nd4 6.Nxd4 cxd4 7.Ne2 a6 8.Ba4 Nc6
9.d3 Bc5 10.f4 d5 11.Ng3 dxe4 12.Qh5 Be7 13.dxe4 g6 14.Qf3 b5 15.Bb3 h5 16.Bd2 Bb7
17.f5 Ne5 18.Qf4 f6 19.fxe6 Qb6 20.Nh1 Nc4 21.Bxc4 bxc4 22.Nf2 O-O-O 23.c3 d3
24.b3 Qxe6 25.bxc4 f5 26.Rab1 fxe4 27.Qe3 Rd7 28.Rfe1 Rf8 29.Nxe4 Bxe4 30.c5 Qg4  0-1

[Event "Reggio Emilia9798 40th"]
[Site "Reggio Emilia"]
[Date "1998.01.02"]
[Round "7"]
[White "Lputian, Smbat G"]
[Black "Yudasin, Leonid"]
[Result "1/2-1/2"]
[WhiteElo "2585"]
[BlackElo "2610"]

1.d4 Nf6 2.c4 e6 3.Nf3 b6 4.a3 Ba6 5.Qc2 Bb7 6.Nc3 c5 7.e4 cxd4 8.Nxd4 d6
9.Bg5 Nbd7 10.Rd1 a6 11.f4 h6 12.Bh4 g5 13.fxg5 Nh5 14.Be2 Nf4 15.O-O hxg5  1/2-1/2

[Event "Reggio Emilia9798 40th"]
[Site "Reggio Emilia"]
[Date "1998.01.03"]
[Round "8"]
[White "Yudasin, Leonid"]
[Black "Komarov, Dimitri"]
[Result "1/2-1/2"]
[WhiteElo "2610"]
[BlackElo "2600"]

1.e4 e6 2.d3 d5 3.Qe2 Nf6 4.Nf3 Nc6 5.e5 Nd7 6.g3 b6 7.Bg2 Bb7 8.O-O Be7
9.h4 a5 10.Re1 a4 11.a3 h6 12.h5 Nc5 13.Nbd2 Ba6 14.Qe3 Qd7 15.Rb1 Na5 16.Nf1 Rd8
17.Qd4 Rh7 18.Bd2 Ne4 19.b4 axb3 20.dxe4 bxc2 21.Rbc1 Nb3 22.Qb2 Nxc1 23.Bxc1 dxe4
24.N3d2 Bd3 25.Nxe4 Qb5 26.Qc3 Qc4 27.Qa1 Qa4 28.Qc3 Qc4 29.Qa1  1/2-1/2

[Event "White Nights"]
[Site "St Petersburg"]
[Date "1998.06.20"]
[Round "1"]
[White "Taimanov, Mark E"]
[Black "Yudasin, Leonid"]
[Result "1/2-1/2"]
[WhiteElo "2490"]
[BlackElo "2540"]

1.c4 c5 2.Nc3 Nc6 3.g3 g6 4.Bg2 Bg7 5.Nf3 Nf6 6.O-O O-O 7.d3 d6 8.a3 Bd7
9.Rb1 a5 10.Bd2 Ne8 11.Ne1 Nc7 12.Nc2 Rb8 13.b4 axb4 14.axb4 Nxb4 15.Nxb4 cxb4
16.Rxb4 b5  1/2-1/2

[Event "White Nights"]
[Site "St Petersburg"]
[Date "1998.06.23"]
[Round "4"]
[White "Yudasin, Leonid"]
[Black "Petrov, Anton"]
[Result "1-0"]
[WhiteElo "2540"]
[BlackElo "2360"]

1.e4 c5 2.Nf3 Nc6 3.Bb5 g6 4.Bxc6 bxc6 5.O-O Bg7 6.c3 Ba6 7.d3 Nh6 8.Re1 O-O
9.h3 f6 10.Be3 d6 11.d4 cxd4 12.cxd4 Nf7 13.Qc2 Rc8 14.Nc3 Qa5 15.Rac1 Bc4
16.b3 Be6 17.Ne2 Bd7 18.Nd2 Rc7 19.Nf4 Rfc8 20.Nc4 Qa6 21.Rcd1 Bh6 22.Nd3 Bxe3
23.Rxe3 Qb5 24.e5 Bf5 25.exf6 exf6 26.Qe2 Qb8 27.Nf4 Rf8 28.d5 Rcc8 29.dxc6 Rxc6
30.Nd5 Kg7 31.Re7 Rc5 32.Qb2  1-0

[Event "White Nights"]
[Site "St Petersburg"]
[Date "1998.06.26"]
[Round "7"]
[White "Samuelsson, Sven Gunnar"]
[Black "Yudasin, Leonid"]
[Result "0-1"]
[WhiteElo "2230"]
[BlackElo "2540"]

1.d4 Nf6 2.c4 e6 3.g3 c5 4.Nf3 a6 5.Bg2 b5 6.O-O bxc4 7.Ne5 d5 8.Nc3 Nbd7
9.e4 cxd4 10.Nc6 Qb6 11.Nxd4 e5 12.Nf5 d4 13.Na4 Qc6 14.f4 d3 15.Kh1 Bb7
16.Nc3 g6 17.fxe5 Nxe5 18.Nd4 Qd6 19.Bg5 Bg7 20.Qa4+ Nfd7 21.Nd5 Bxd5 22.exd5 O-O
23.Nc6 Rfe8 24.Rae1 Qc5 25.Nxe5 Nxe5 26.d6 Qxd6 27.Bxa8 Rxa8 28.Rxe5 Qxe5
29.Qxc4 Qxg5 30.Rxf7 Kh8 31.Rd7 d2 32.b3 Rd8  0-1

[Event "White Nights"]
[Site "St Petersburg"]
[Date "1998.06.27"]
[Round "8"]
[White "Yudasin, Leonid"]
[Black "Milton, Sergei"]
[Result "1-0"]
[WhiteElo "2540"]
[BlackElo "2315"]

1.e4 e5 2.Nf3 Nf6 3.Nc3 Bb4 4.Nxe5 O-O 5.Nd3 Bxc3 6.dxc3 Nxe4 7.Be2 d5 8.O-O c6
9.Nf4 Re8 10.c4 d4 11.Re1 Na6 12.Bf1 Bf5 13.f3 Nf6 14.Rxe8+ Nxe8 15.g4 Bg6
16.b3 d3 17.c3 Qb6+ 18.Kg2 Rd8 19.Qe1 Nf6 20.Be3 Qa5 21.Qd2 Qa3 22.Re1 Qd6
23.Bf2 Qd7 24.Bd4 Nc7 25.Bxa7 c5 26.Bxc5 Nxg4 27.Bd4 Nf6 28.Bxd3 Bxd3 29.Qxd3 Qd6
30.Qf5 Re8 31.c5 Qd8 32.Rxe8+ Ncxe8 33.a4 h6 34.c4 g6 35.Qe5  1-0